000
00277nam a22001097a 4500
008
170112b xxu||||| |||| 00| 0 eng d
020
_a
9780323030212
041
_a
eng
080
_2
7TH
_a
618.2
245
_a
DIAGNOSTIC AND LABORATORY TEST REFERENCE
_c
PAGANA, K.D
942
_2
udc
_c
BK
999
_c
2734
_d
2734